| 000 | 00627nam a22001817a 4500 | ||
|---|---|---|---|
| 999 |
_c17705 _d17705 |
||
| 003 | AR-CdUCM | ||
| 008 | 190509b ||||| |||| 00| 0 spa d | ||
| 040 |
_aMUNICIPALIDAD PROVINCIAL DEL CUSCO _cBIBLIOTECA MUNICIPAL DEL CUSCO |
||
| 082 |
_a801.01 / _bP51 |
||
| 100 |
_aPfeiffer, Johannes _937848 |
||
| 245 | _aLa poesía : hacia una compresión de lo poético / | ||
| 260 |
_aMexico : _bFCE, _c1954. |
||
| 300 |
_a147 páginas ; _c17 cm. |
||
| 505 | _aConfiguración verbal de la poesía -- Conceptos normativos fundamentales -- Que nos da la poesía -- | ||
| 650 |
_aPoesía. _9139 |
||
| 942 |
_2ddc _cLIBROS |
||
| 945 | _awfj | ||